000 004430000a22001810004500
003 MACL
005 20150910160203.0
008 150910b xxu||||| |||| 00| 0 eng d
040 _aMACL
_cMACL
041 _aEnglish
082 _a821/MUK
100 _aMukhopadhyay, Subhas
_99988
245 _aWherever I Go And Other Poems
260 _bSahitaya Academy
_c1994
_aNew Delhi
350 _a45
650 _aPoetry
_99989
942 _cBK
_k821
_2ddc
999 _c3189
_d3189